00509nam a22001697a 450000500170000001000190001702000260003603500180006203700090008008200110008910000200010024500930012025000060021326000390021927000620025830000190032020260102121710.0 aENG-147398-399 c100.00a9789361838408 aEN-130930-931 bDBAD a92121 aRamakanta Singh aKrushna Chandra Panigrahi: bA Monograph (Makers of Indian Literature)/cRamakanta Singh a1 aNew Delhi bSahitya Academi c2025 bNew Delhi aRabindra Bhawan, 35, Fiiroz Shah Marge110001 a83p.c21cm(pb)